[Event "London Classic 4th"]
[Site "London"]
[Date "2012.12.01"]
[Round "1"]
[White "Aronian, Levon"]
[Black "Nakamura, Hikaru"]
[Result "0-1"]
[WhiteElo "2815"]
[BlackElo "2760"]
[PlyCount "64"]
[EventDate "2012.12.01"]
[EventType "tourn"]
[EventRounds "9"]
[EventCountry "ENG"]
[EventCategory "21"]
[SourceTitle "CBM 152"]
[Source "ChessBase"]
[SourceDate "2013.01.15"]
[SourceVersion "1"]
[SourceVersionDate "2013.01.15"]
[SourceQuality "1"]

1. c4 c5 2. Nf3 Nc6 3. d4 cxd4 4. Nxd4 Nf6 5. g3 e5 6. Nb5 Bb4+ 7. Bd2 a6 8.
N5c3 d5 9. cxd5 Nxd5 10. Bg2 Be6 11. O-O Nb6 12. Be3 Nc4 13. Qc1 O-O 14. Rd1
Qc7 15. a3 Nxe3 16. Qxe3 Ba5 17. Nd2 Bb6 18. Qf3 Rad8 19. Na4 Ba7 20. Qc3 Rd4
21. Qc2 f5 22. e3 Rdd8 23. b4 e4 24. Nb3 Qf7 25. Nbc5 Bd5 26. Rd2 b6 27. Rxd5
Rxd5 28. Nxa6 Ne5 29. Rd1 Rfd8 30. Rxd5 Qxd5 31. Nb2 Qd2 32. Qc7 Ng4 0-1

[Event "Tata Steel-A 75th"]
[Site "Wijk aan Zee"]
[Date "2013.01.19"]
[Round "7"]
[White "Wang, Hao"]
[Black "Nakamura, Hikaru"]
[Result "0-1"]
[WhiteElo "2752"]
[BlackElo "2769"]
[Annotator "Krasenkow,M"]
[PlyCount "76"]
[EventDate "2013.01.12"]
[EventType "tourn"]
[EventRounds "13"]
[EventCountry "NED"]
[EventCategory "20"]
[SourceTitle "CBM 153"]
[Source "ChessBase"]
[SourceDate "2013.03.14"]
[SourceVersion "1"]
[SourceVersionDate "2013.03.14"]
[SourceQuality "1"]

1. d4 d5 2. c4 e6 3. Nf3 c6 4. Qc2 dxc4 5. Qxc4 Nf6 6. Bg5 b5 7. Qc2 Bb7 8. e4
Nbd7 9. Nbd2 Qb6 10. a4 a6 (10... Bb4 {, developing another piece, is probably
more logical. The whole system was examined in my survey in CBM 150:} 11. Bd3 (
11. Be2 h6 12. Bxf6 Nxf6 13. O-O Bxd2 $5 14. Nxd2 (14. Qxd2 Nxe4 15. Qe3 Nf6
$13) 14... Qxd4 15. Nb3 Qxe4 {1/2 Marin,M (2604)-Fressinet,L (2581)/Bucharest
2001/CBM 150/[Krasenkow,Michal]} (15... Qxe4 16. Qxe4 Nxe4 17. Na5 Rb8 18. axb5
cxb5 19. Bxb5+ Ke7 20. Bc6 Ba8 $13)) 11... h6 12. Bxf6 Nxf6 13. O-O Nd7 14. Nb3
bxa4 15. Rxa4 a5 (15... O-O 16. Rc1 c5 $11 {0-1 Kuzmin,A (2587)-Kharlov,A 
(2616)/Dubai 2000/EXT 2001 (46)}) 16. Rc1 O-O 17. Bf1 Rfc8 18. Nc5 Nxc5 19.
dxc5 Qa7 20. Ne5 Ba6 21. Bxa6 Qxa6 22. Nd3 {1/2 Mchedlishvili,M (2560)
-Tregubov,P (2632)/Istanbul 2003/CBM 096}) 11. axb5 $6 {Hardly a good move,
opening up the diagonal for Black's bishop.} (11. Bd3 Rc8 (11... c5 $5) 12. O-O
(12. Qb3 $1) 12... c5 13. Bxf6 gxf6 14. d5 c4 15. Be2 {0-1 Zakhartsov,V (2486)
-Popov,V (2557)/Korolev 2000/EXT 2002 (53)} Bd6 $132) (11. Be2 $142 Bb4 $5 (
11... c5 12. axb5 axb5 13. Rxa8+ Bxa8 14. O-O Bb7 15. Rc1 h6 16. Be3 Ng4 17.
dxc5 Nxe3 18. cxb6 Nxc2 19. Rxc2 $16 {1-0 Krasenkow,M (2661)-Markowski,T (2531)
/Plock 2000/CBM 078/[Huzman] (55)}) 12. O-O O-O {[%cal Yc6c5]} 13. Bxf6 gxf6
14. e5 $5) 11... cxb5 (11... axb5 $6 12. Rxa8+ Bxa8 13. Be2 h6 (13... Bb4 $5)
14. Bxf6 gxf6 15. O-O Be7 16. Qc3 O-O $6 17. b4 $16 {1-0 Dyachkov,S (2545)
-Arzumanian,G (2455)/Serpukhov 2003/EXT 2004 (30)}) 12. Bd3 Rc8 13. Qb1 (13.
Qb3 $6 e5 14. Nxe5 Nxe5 15. dxe5 Ng4 16. O-O Bc5) 13... h6 (13... e5 14. d5)
14. Be3 Ng4 15. O-O (15. Bf4 e5 $1) (15. e5 $5) 15... Nxe3 16. fxe3 e5 $1 {
Black has obtained an excellent position. His bishop pair is quite formidable.}
17. Nb3 Bb4 18. Qa2 {This flank action just worsens White's position.} (18. Qd1
$142) 18... O-O 19. Na5 Ba8 (19... Bxa5 20. Qxa5 Qxa5 21. Rxa5 f5 {is not
dangerous here due to} 22. Nd2) 20. Kh1 (20. Nb3 a5 $1 21. Nxa5 exd4 22. exd4
Ne5 $1 23. Nxe5 Qxd4+ 24. Kh1 Qxe5 $19) 20... Bxa5 21. Qxa5 Qxa5 22. Rxa5 f5 $1
{Now this action is appropriate.} 23. Rxa6 (23. Nd2 $2 {doesn't work now due
to the weakness of the back rank after} fxe4) 23... fxe4 24. Rxa8 $8 Rxa8 25.
Bxe4 Rad8 26. Ra1 exd4 27. exd4 Nb6 28. Ra5 $4 {[%mdl 8192] A final blunder.
It was possible to continue resistance by means of} (28. h3) 28... Rxd4 $19 29.
Bc2 Rb4 30. Bd3 Ra8 31. Rxb5 Ra1+ 32. Ng1 Rxb5 33. Bxb5 Rb1 34. h3 Rxb2 35. Bc6
Kf7 36. Nf3 Kf6 37. Kh2 Nc4 38. Kg3 Ne3 0-1

[Event "Tata Steel-A 75th"]
[Site "Wijk aan Zee"]
[Date "2013.01.23"]
[Round "10"]
[White "Caruana, Fabiano"]
[Black "Nakamura, Hikaru"]
[Result "0-1"]
[WhiteElo "2781"]
[BlackElo "2769"]
[PlyCount "122"]
[EventDate "2013.01.12"]
[EventType "tourn"]
[EventRounds "13"]
[EventCountry "NED"]
[EventCategory "20"]
[SourceTitle "CBM 153"]
[Source "ChessBase"]
[SourceDate "2013.03.14"]
[SourceVersion "1"]
[SourceVersionDate "2013.03.14"]
[SourceQuality "1"]

1. d4 Nf6 2. c4 c5 3. d5 g6 4. Nc3 Bg7 5. e4 d6 6. Bd3 O-O 7. Nge2 Nbd7 8. Bc2
Ne8 9. O-O Nc7 10. a4 Na6 11. f4 Nb4 12. Be3 e6 13. dxe6 fxe6 14. Qd2 Nf6 15.
Rad1 Ng4 16. Bb1 Nc6 17. Kh1 Nxe3 18. Qxe3 Nd4 19. e5 dxe5 20. fxe5 Rxf1+ 21.
Rxf1 Bd7 22. Nxd4 cxd4 23. Qxd4 Bc6 24. Qg4 Qe7 25. b3 Bxe5 26. Ne2 Rd8 27. Be4
Be8 28. Qf3 b6 29. Nf4 Bf7 30. Nd3 Bd6 31. Qe3 Qh4 32. h3 Qg3 33. Qxg3 Bxg3 34.
Rf3 Bc7 35. Kg1 Rd4 36. Re3 g5 37. Kf2 h5 38. Re2 a5 39. Ke3 Rd8 40. Bf3 Kg7
41. Rb2 Bd6 42. Rb1 Kf6 43. Rf1 Ke7 44. Be4 Rg8 45. Rh1 h4 46. Bf3 Rf8 47. Rd1
Rd8 48. Rf1 Bg6 49. Be4 Bh5 50. Bf3 Rf8 51. Nf2 Bg6 52. Ne4 Bc5+ 53. Kd3 Rd8+
54. Kc2 g4 55. hxg4 h3 56. Rd1 Rf8 57. Kd3 h2 58. Rh1 Bg1 59. Ke2 Bxe4 60. Bxe4
Kf6 61. Bf3 Rd8 0-1

[Event "Zug FIDE GP"]
[Site "Zug"]
[Date "2013.04.28"]
[Round "9"]
[White "Nakamura, Hikaru"]
[Black "Morozevich, Alexander"]
[Result "1-0"]
[WhiteElo "2767"]
[BlackElo "2758"]
[Annotator "Sumets,A"]
[PlyCount "67"]
[EventDate "2013.04.18"]
[EventType "tourn"]
[EventRounds "11"]
[EventCountry "SUI"]
[EventCategory "21"]
[SourceTitle "CBM 154"]
[Source "ChessBase"]
[SourceDate "2013.05.15"]
[SourceVersion "1"]
[SourceVersionDate "2013.05.15"]
[SourceQuality "1"]

1. Nf3 Nf6 2. d4 g6 3. c4 Bg7 4. Nc3 O-O 5. e4 d6 6. Be2 c5 7. d5 (7. O-O cxd4
(7... Nc6 8. d5 Na5) 8. Nxd4 Nc6 {leads to a Maroczy setup.}) 7... e6 (7... e5
8. O-O Ne8 9. Ne1 f5 10. Nd3 Nf6 11. f3 f4 12. g4 h5 13. h3 Nh7 14. Kg2 Nd7 15.
Bd2 Ndf6 16. Nf2 Ne8 17. Rh1 Bf6 18. Qg1 a6 19. a3 Bd7 20. b4 b6 21. Rb1 Bh4
$13 {Postny,E-Mamedov,R 8th World teams Ningbo CHN 2011 1-0 (46)}) 8. O-O Re8
9. Nd2 Na6 10. Re1 Nc7 {It seems to me that this variation is better than its
reputation. Maybe eventually it will become more popular.} 11. Rb1 $6 {White
doesn't threaten to push 12.b4 due to 12...cxb4 13.Rxb4 Nfxd5!. Another
drawback of this move is the vulnerability of the a2-pawn, which is evident in
some tactical complications. So I can't recommend 11.Rb1.} (11. a4 b6 (11...
Na6 12. Bf1 Nb4 13. h3 b6 14. a5 bxa5 15. Nb3 Ba6 16. e5 $1 dxe5 17. d6 $1 {
Not so clear another capture} (17. dxe6 Qc7 18. exf7+ Qxf7 19. Nxa5 e4 {
with some counterplay}) 17... Rc8 18. Bg5 Rc6 19. Ne4 h6 20. Bxf6 Bxf6 21. Nxa5
Rb6 22. Nb3 $18 {1-0 Nyzhnyk,I-Vocaturo,D 74th Tata Steel GMB Wijk aan Zee NED
2012 1-0 (34)}) 12. Rb1 Rb8 13. b3 a6 14. Bb2 exd5 15. cxd5 b5 $132 16. axb5 (
16. Qc2) 16... axb5 17. Bf1 $2 Ng4 18. Nf3 (18. h3 $2 Nxf2 19. Kxf2 Bd4+ 20.
Kg3 Qf6 $17) 18... f5 19. h3 $2 (19. exf5 Rxe1 20. Qxe1 Bxf5 21. Ra1 $15) 19...
Ne5 $2 (19... b4 $1 20. Na2 fxe4 21. Bxg7 Kxg7 22. Nd2 Nf6 $19) 20. Nxe5 Bxe5
$15 {Smyslov,V-Polugaevsky,LURS-ChT Riga 1975 0-1 (38)}) (11. Bf1 Rb8 12. a4 b6
13. Nb3 a6 14. Bg5 (14. e5 $1 dxe5 15. d6 Na8 16. a5 Nd7 17. Na4 $16) 14... h6
15. Bh4 e5 16. Bd3 Rf8 17. f3 Qe8 18. Bf2 Nh5 19. g3 Bh3 20. Nd2 Qd8 21. Bf1
Bc8 22. Rb1 a5 $13 {0-1 Reshevsky,S-Damljanovic,B GMA Baleares op Palma de
Mallorca 1989 0-1 (84)}) 11... exd5 (11... Bd7 12. b4 $6 (12. e5 $5 dxe5 13. d6
Na6 14. Nb3 Bc6 15. Bg5 b6 16. Bf3 Bxf3 17. Qxf3 $44) 12... cxb4 13. Rxb4 b6 (
13... Nfxd5 $1 14. Nxd5 Na6 15. Rxb7 exd5 16. cxd5 (16. exd5 Nc5 17. Rb1 Na4
$17) 16... Nc5 17. Rb4 Qa5 18. Rc4 (18. a3 Bc3 19. Rc4 Ba4 $17) 18... Qxa2 $15)
14. Rb3 Na6 15. Ba3 (15. Nb5 Bxb5 16. cxb5 Nc5 17. dxe6 $1 Rxe6 18. Re3 $13)
15... Nc5 16. Bxc5 bxc5 17. dxe6 Bxe6 $15 {Browne,W-Dzindzichashvili,R
American Open Los Angeles 1989 1-0 (48)}) (11... b5 $5 {M.Golubev}) 12. cxd5 (
12. exd5 $2 Bf5) 12... a6 13. a4 $6 b5 14. axb5 axb5 15. b4 (15. Bxb5 $6 Nxb5
16. Nxb5 Ba6 17. Na3 (17. Nc3 Bd3) 17... Bd3 $17) (15. Nxb5 Nxe4 $15) (15. f3
Bd7 16. b4 Nh5 17. Qc2 Bd4+ 18. Kh1 Qh4 $19) 15... Ng4 $1 {I believe that this
is stronger than 15...cxb4 which also was quite good for Black to achieve an
opening advantage.} (15... cxb4 16. Rxb4 Ng4 17. Qb3 (17. Ndb1 Qh4 18. Bxg4
Bxg4 19. Qd3 Bd7 20. g3 Qf6 $15) (17. Nxb5 Nxb5 18. Rxb5 Nxf2 $17 19. Kxf2 $2
Bd4+ 20. Kf1 Qh4 $19) 17... Nxf2 18. Nxb5 Ng4 $15) 16. Bxg4 (16. Qc2 $2 Nxf2
17. Nxb5 (17. Kxf2 Qh4+ 18. Kf1 Bd4 19. Nd1 Qxh2 20. Bf3 Nxd5) 17... Nxd5 $1
18. exd5 Bf5 19. Qc4 Nd3 20. Bxd3 Rxe1+ 21. Kf2 Bxd3 22. Qxd3 Rd1 23. Ke2 Rh1
$19) 16... Bxg4 17. Qxg4 (17. Qc2 cxb4 18. Rxb4 Rc8 $5 {a more precise move} (
18... Bxc3 $5 19. Qxc3 Nxd5 20. Qd4 Nxb4 21. Bb2 f6 22. Qxb4 d5 {must be
enough for Black to win the game}) 19. Qb3 Bxc3 20. Qxc3 Nxd5 21. Qd4 Nxb4 22.
Bb2 f6 23. Qxb4 d5) (17. Qb3 cxb4 18. Qxb4 Na6 19. Qb3 b4 20. Na2 Nc5 21. Qc4
b3 22. Nxb3 Ra4 23. Nb4 Rxe4 24. Rxe4 Nxe4 25. Nd2 (25. Qxe4 Bf5 $19) 25... Nc3
$1 26. Qxg4 Qe8 27. Kf1 Nxb1 28. Nxb1 Qb5+ $19) 17... Bxc3 18. bxc5 dxc5 19.
Qf3 $6 {That's interesting - why does Nakamura provoke ...b4? Maybe he is
hoping for ...Nxd5.} b4 $1 (19... Nxd5 $2 {Greediness leads to a draw:} 20. Rd1
Bxd2 21. Bxd2 (21. Rxd2 Qa5 22. h4 Nb6 23. Qf6 Nc4) 21... Nc7 22. Bc3 Qe7 23.
Rd7 Qxd7 24. Qf6 Kf8 25. Qg7+ Ke7 26. Qf6+ $11) 20. Rd1 Nb5 $1 $17 21. Nc4 $1 {
Even if this move loses White has to play it. Other opportunities are quite
joyless.} (21. Qd3 Nd6 22. Bb2 (22. f3 Ra2 23. Nc4 Qh4 $1 24. Be3 (24. Rf1 Nxc4
25. Qxc4 Be5 26. f4 Bd4+ 27. Kh1 Rf2 $19) 24... f5 $1 25. Nxd6 Be5 26. h3 Bxd6
$19) 22... Bxd2 $5 (22... Qf6 23. Bxc3 bxc3 24. Nf3 Nxe4 25. Re1 Qa6 26. Qxa6
Rxa6 27. Ng5 Nf6 $17) 23. Qxd2 Rxe4 24. Rbc1 Ra5 (24... Nc4 $6 25. Rxc4 Rxc4
26. d6) 25. f3 Re8 $17) (21. Nf1 Bd4 22. Bd2 Ra3 23. Ne3 Bxe3 24. fxe3 Nd6 $19)
21... Bd4 {Black's main problem is the large number of attractive
opportunities. Probably he has not just one single way to win the game. Trying
to find the best way or the most reliable one, achessplayer can miscalculate
and miss the winning Morozevich lost the game.} (21... Ra2 $1 22. d6 Bd4 23.
Be3 Nc3 24. Bxd4 cxd4 25. Re1 Nxb1 26. Rxb1 Qd7 27. h3 Qc6 28. Rxb4 Rc2 29. Qd3
Rc1+ 30. Kh2 Qc5 $19) 22. Bd2 Nc3 $6 (22... Ra6 $5 23. Rf1 Na3 $1 24. Rbc1 f5
25. exf5 Nxc4 26. Rxc4 Ra3 27. Be3 Raxe3 28. fxe3 Rxe3 29. Qd1 Qxd5 30. Rxd4
Qxd4 31. Qxd4 cxd4 32. fxg6 d3 $19) (22... Na3 $5 23. Rbc1 (23. Nxa3 bxa3 $19)
23... Nxc4 24. Rxc4 Ra3 25. Be3 f5 26. e5 Bxe3 (26... Rxe5 27. Bxd4 Re4 (27...
Rxf3 $2 28. Bxe5 Ra3 29. Rxc5 $11) 28. Rxc5 Rxf3 29. gxf3 Qg5+ 30. Kf1 Qh5 31.
Rc8+ Kf7 32. Kg2 Rf4 33. Rd3 Rxf3 34. Rxf3 Qg4+ 35. Rg3 Qxd4 36. Rb8 $17) 27.
fxe3 Rxe5 28. Rxc5 Raxe3 29. Qf4 b3 $17 {I believe Black would win this
position.}) 23. Bxc3 bxc3 24. Rbc1 Ra4 25. Ne3 Ra6 $6 (25... Bg7 26. g3 (26. d6
$5 Raxe4 27. g3 (27. d7 $2 R8e6 28. g3 Bd4 $19) 27... Bd4 28. Nd5 Qxd6 29. Nxc3
Re3 $1 30. fxe3 Rxe3 31. Rxd4 Qxd4 $19) 26... Raxe4 27. Kg2 Bd4 $17) 26. Nc2 $1
Bg7 $5 (26... Rf6 27. Nxd4 $1 Rxf3 28. Nxf3 Rxe4 29. Rxc3 Qd6 {In the final
position I believe White is closer to a draw than Black to a win.}) 27. Ra1
Rxa1 28. Rxa1 Qb6 $6 (28... Qg5 $1 29. Kf1 (29. g3 Qd2 30. Ra2 Rf8 31. Kg2 f5
$17) (29. Rd1 Bd4 30. g3 Qe5 $17) 29... Qd2 30. Qe2 f5 31. Qxd2 cxd2 32. Rd1
Bh6 33. Ne3 Rxe4 34. Rxd2 Kf7 35. d6 Ke8 36. Rd5 $15) 29. g3 $11 Qb2 30. Qd1
Bh6 $6 {Black has spoiled a winning position. Maybe Morozevich believed that
this position couldn't be lost by Black. He should have played more precisely.}
(30... Qb3 31. Qd3 (31. d6 $2 Rd8 32. Kg2 Qe6 $17) 31... c4 32. Qe2 Qb5 33. Qf3
Qb2 34. Qd1 Qb5 {I don't see how White could improve his position.}) 31. f4 $1
Rxe4 $4 {It is hard to explain this blunder. Now White wins easily.} (31... g5
$1 32. d6 (32. Ra6 Bg7 33. e5 Rd8 34. d6 Qb7 35. Ra4 f6 $1 {This move looks
ugly, but it looks like Black is out of danger here} 36. Rc4 (36. e6 $2 Bf8 37.
d7 Qc6 $17) (36. fxg5 fxe5 37. Ne3 e4 38. Ng4 Bd4+ 39. Rxd4 cxd4 40. Qxd4 Qb1+
41. Kg2 Qa2+ 42. Kg1 Qb1+ 43. Kg2 Qa2+ $11) 36... fxe5 37. fxg5 Bf8 38. Rxc3
Rxd6 $11) 32... gxf4 33. gxf4) 32. Ra8+ Kg7 (32... Bf8 33. d6 Qb7 (33... Rd4
34. Nxd4 cxd4 35. d7 c2 36. Rxf8+ Kxf8 37. d8=Q+ Kg7 38. Q1xd4+) 34. d7 Qxa8 (
34... Rd4 35. Qxd4 cxd4 36. Rxf8+ Kxf8 37. d8=Q+ Kg7 38. Qxd4+ Kg8 39. Qxc3 $18
) 35. d8=Q $18) 33. d6 Rd4 (33... Qb7 34. d7 Rd4 35. Nxd4 Qxd7 36. Rd8 $1 $18)
34. Nxd4 {The result of the game doesn't seem fair. But it should be noted
that despite the bad position Nakamura kept fighting and eventually he was
rewarded.} 1-0

[Event "Zug FIDE GP"]
[Site "Zug"]
[Date "2013.04.29"]
[Round "10"]
[White "Mamedyarov, Shakhriyar"]
[Black "Nakamura, Hikaru"]
[Result "0-1"]
[WhiteElo "2766"]
[BlackElo "2767"]
[Annotator "Margvelashvili,G"]
[PlyCount "44"]
[EventDate "2013.04.18"]
[EventType "tourn"]
[EventRounds "11"]
[EventCountry "SUI"]
[EventCategory "21"]
[SourceTitle "CBM 154"]
[Source "ChessBase"]
[SourceDate "2013.05.15"]
[SourceVersion "1"]
[SourceVersionDate "2013.05.15"]
[SourceQuality "1"]

1. d4 {This is one of those tournaments that Mamedyarov will want to forget.
Today was clearly not his day.} d5 2. c4 c6 3. Nc3 dxc4 4. e3 b5 5. a4 b4 6.
Nce2 (6. Ne4 {is the most popular move, but Mamedyarov has already played 6.
Nce2 once and decisively beat his opponent.}) 6... Nf6 (6... Qd5 7. Ng3 Nf6 8.
Be2 e5 9. Nf3 Nbd7 10. O-O Bd6 11. Nd2 c3 12. bxc3 bxc3 13. e4 Qe6 14. Nf5 O-O
15. Bc4 Nd5 16. Nf3 N7b6 17. Bb3 Ba6 18. Re1 Bc7 19. dxe5 {1-0 Mamedyarov,S 
(2733)-Brunello,S (2575)Porto Carras 2011}) 7. Nf3 Ba6 8. Ng3 c5 $1 {A strong
improvement by Nakamura. I think this move calls into question Mamedyarov's
whole opening plan.} 9. Bd2 (9. Ne5 e6 10. Nh5 $5 {is suggested by chess
engines.} Nbd7 11. Bxc4 Bxc4 12. Nxc4 Rc8 {and Black has solved all the
opening problems.}) 9... e6 10. Rc1 Qd5 11. Ne5 (11. dxc5 Nbd7 12. Bxb4 Nxc5
13. Bc3 Rb8 {leads to a slightly better endgame for Black.}) 11... cxd4 12.
Nxc4 Nbd7 13. Be2 $1 {Good move by Mamedyarov.} Rc8 (13... Qxg2 $4 14. Bf3 {
is losing for Black.}) (13... Bxc4 $1 14. Bxc4 (14. Rxc4 {is also possible} d3
15. Qc1 $1 Rd8 (15... dxe2 $2 16. Rc8+ Rxc8 17. Qxc8+ Ke7 18. Bxb4+ $18) 16.
Bf3 Qa5 17. Ne4 {with some, but clearly not enough compensation for the
sacrificed pawn.}) 14... Qxg2 15. Bb5 Rd8 16. Bc6 Qh3 17. exd4 Bd6 18. Qf3 O-O
{with advantage for Black.}) 14. Bf3 Qc5 15. b3 Be7 16. Ne2 $6 {This is an
inaccuracy.} (16. O-O $1 {would be a lot stronger, since after} O-O 17. exd4
Qxd4 18. Ne2 Qd3 19. Nf4 Qd4 20. Ne2 {White forces a draw.}) 16... d3 $1 17.
Nf4 O-O 18. Nxd3 Qf5 $1 {Now Mamedyarov is dangerously behind in development.}
19. e4 $2 {A terrible blunder. Such blunders sometimes happen when player is
clearly unsatisfied with his previous play and is psychologically stressed.
There is no other way to explain this blunder by Mamedyarov, who is one of the
strongest players in the world.} (19. Nxb4 Bxc4 20. Rxc4 Rxc4 21. bxc4 Ne5 22.
Nc6 $1 Nxc6 23. Bxc6 {would give Mamedyarov excellent drawing chances.}) 19...
Nxe4 20. g4 Qd5 {I do not know what Mamedyarov overlooked, but nothing works
here for White.} 21. Qe2 f5 {Nakamura has an extra pawn and a winning position.
} 22. O-O Rxc4 $6 {Not the best move, but one which surprisingly led to
Mamedyarov's resignation.} (22... Bxc4 $1 23. bxc4 Qb7 24. Rfe1 Ndc5 {would
give Black a winning position.}) (22... Rxc4 $6 23. bxc4 Bxc4 24. Nxb4 $1 {
Probably both players overlooked this resource that saves White from immediate
disaster.} Bxe2 (24... Bxb4 25. Rxc4 Bxd2 26. Bxe4 fxe4 27. Rxe4 {is worse for
White, but the position is still playable.}) 25. Nxd5 exd5 26. Bxe2 Nxd2 27.
Rc7 Nf6 28. Rxe7 Nxf1 29. Kxf1 Rf7 30. Rxf7 Kxf7 31. gxf5 {This endgame looks
winning for Black, but White has some drawing chances. Good win for Nakamura
and a game to forget for Mamedyarov.}) 0-1

[Event "Norway Chess 1st"]
[Site "Stavanger"]
[Date "2013.05.08"]
[Round "1"]
[White "Nakamura, Hikaru"]
[Black "Wang, Hao"]
[Result "1-0"]
[WhiteElo "2775"]
[BlackElo "2743"]
[Annotator "Marin,M"]
[PlyCount "83"]
[EventDate "2013.05.08"]
[EventType "tourn"]
[EventRounds "9"]
[EventCountry "NOR"]
[EventCategory "21"]
[SourceTitle "CBM 155"]
[Source "ChessBase"]
[SourceDate "2013.07.16"]
[SourceVersion "1"]
[SourceVersionDate "2013.07.16"]
[SourceQuality "1"]

1. e4 e5 2. Nf3 Nf6 3. Nxe5 d6 4. Nf3 Nxe4 5. Nc3 Nxc3 6. dxc3 Be7 7. Be3 O-O
8. Qd2 {In this known position, Black usually chooses between 8...Nc6 and 8...
Nd7, with possible transposition to each other after a further ...Ne5.} b6 $146
({Even if you do not know too much about this line, the list of annotated
games below will give you an image of the intensity of the theoretical duel
over the past few years.} 8... Nc6 9. O-O-O Ne5 10. h4 (10. Nd4 {Kramnik,V 
(2715)-Kasparov,G (2805)/New York 1995/CBM 047 ext/[Vaisser] (1/2, 66)}) (10.
Be2 {1/2 Naiditsch,A (2612)-Kramnik,V (2744)/Dortmund 2005/CBM 108/[Huzman] 
(58)}) 10... c6 (10... Bg4 {Topalov,V (2778)-Kramnik,V (2753)/Sofia 2005/CBM
107/[Huzman] (1/2, 52)}) (10... Re8 {Svidler,P (2740)-Kramnik,V (2739)/Moscow
2005/CBM 111 (1-0, 48)}) 11. c4 (11. Kb1 Bg4 12. Be2 Nxf3 13. Bxf3 (13. gxf3 {
Karjakin,S (2760)-Gelfand,B (2739)/Moscow 2010/CBM 139/[Mueller,Karsten] (1-0,
57)}) 13... Bxf3 {Jakovenko,D (2725)-Gelfand,B (2741)/Astrakhan 2010/CBM 137/
[Kritz] (1/2, 53)}) (11. h5 {Nisipeanu,L (2672)-Gelfand,B (2741)/Medias 2010/
CBM 137/[Rogozenco] (0-1, 40)}) (11. Bg5 {Caruana,F (2736)-Gelfand,B (2739)/
Wijk aan Zee 2012/CBM 147/[Marin,M] (1-0, 48)}) 11... Be6 12. Ng5 Nxc4 (12...
Bf5 {Karjakin,S (2760)-Kramnik,V (2790)/Moscow 2010/CBM 139/[Stohl] (1-0, 32)})
13. Qd3 {Gashimov,V (2734)-Gelfand,B (2741)/Astrakhan 2010/CBM 137/[Kritz] (1/
2, 29)}) (8... Nd7 9. O-O-O Re8 10. h4 c6 11. Bd3 {Nakamura,H (2758)-Giri,A 
(2714)/Reggio Emilia 2012/CBM 146/[Giri,A] (0-1, 41)}) 9. O-O-O Bb7 {Black's
position looks flexible, but it has an organic defect: the f5-square is left
undefended.} 10. Nd4 Nc6 11. Nf5 Bf6 12. h4 Re8 $6 {Too slow.} ({Black should
have started fighting against the knight with} 12... Qd7 $5) 13. Bg5 Ne5 ({
The following lines offer an image of the potential of White's attack:} 13...
h6 14. Bxh6 $1 Bc8 (14... gxh6 15. Rh3 $40) (14... Qd7 15. Qf4) (14... Re5 15.
Bd3) 15. g4 gxh6 16. Nxh6+ Kf8 17. g5 Bg7 18. Nxf7 Kxf7 19. Qd5+ Be6 20. Qxc6)
14. f4 Ng4 15. Bb5 Re4 16. Ng3 Re6 17. Rde1 Rxe1+ 18. Rxe1 $14 h6 19. Qe2 (19.
Re8+ Qxe8 20. Bxe8 Rxe8 21. Bxf6 Nxf6 $14 {Black's fortress may not be easy to
crack.}) 19... Qc8 20. Bd3 Qe6 (20... hxg5 21. Bf5 Qd8 22. hxg5 Bxg5 23. Qxg4
$40) 21. Qxe6 fxe6 22. Bxf6 Nxf6 23. Rxe6 Bxg2 24. Re7 $16 Nd5 25. Bc4 Kf8 26.
Bxd5 Kxe7 27. Bxg2 Rf8 28. f5 Kf6 29. Kd2 d5 30. Ke3 Ke5 31. Bh3 Rd8 32. Ne2 c5
33. Kf3 Rd7 34. Nf4 Kf6 35. h5 a6 36. b3 Rd8 37. Ne6 Rd7 38. Kf4 a5 39. Bf1 c4
40. a4 Rd6 41. Bg2 Rd7 42. Bf3 1-0